अमर शहीद चन्द्रशेखर आज़ाद / (Record no. 11694)

MARC details
000 -LEADER
fixed length control field 01307 a2200229 4500
005 - DATE AND TIME OF LATEST TRANSACTION
control field 20080826120441.0
008 - FIXED-LENGTH DATA ELEMENTS--GENERAL INFORMATION
fixed length control field 080826t xxu||||| |||| 00| 0 hin d
010 ## - LIBRARY OF CONGRESS CONTROL NUMBER
LC control number HIN-83111
020 ## - INTERNATIONAL STANDARD BOOK NUMBER
International Standard Book Number 9788126714353
Terms of availability 350.00
035 ## - SYSTEM CONTROL NUMBER
System control number HN-55457
037 ## - SOURCE OF ACQUISITION
Source of stock number/acquisition पु.प्र.अ.प्र /प्रका
082 ## - DEWEY DECIMAL CLASSIFICATION NUMBER
Classification number 921
100 ## - MAIN ENTRY--PERSONAL NAME
Personal name वैशम्पायन, विश्वनाथ
245 ## - TITLE STATEMENT
Title अमर शहीद चन्द्रशेखर आज़ाद /
Statement of responsibility, etc विश्वनाथ वैशम्पायन; सुधीर विद्यार्थी द्वारा संपादित
246 ## - VARYING FORM OF TITLE
Title proper/short title Amar Shahid Chandrashekhar Azad
Remainder of title by Vishwanath Vaishampayan
260 ## - PUBLICATION, DISTRIBUTION, ETC. (IMPRINT)
Place of publication, distribution, etc नई दिल्ली
Name of publisher, distributor, etc राजकमल प्रकाशन
Date of publication, distribution, etc 2007
270 ## - ADDRESS
Address 1-बी, नेताजी सुभाष मार्ग
City नई दिल्ली
Postal code 110002
300 ## - PHYSICAL DESCRIPTION
Extent 339पृ
Dimensions 22 सेमी (सजिल्द)
Other physical details सचित्र
700 ## - ADDED ENTRY--PERSONAL NAME
Personal name सुधीर विद्यार्थी
942 ## - ADDED ENTRY ELEMENTS (KOHA)
Institution code [OBSOLETE] dpl
Koha item type Hindi Books
Call number prefix 921 / वैशम्पा
Source of classification or shelving scheme Dewey Decimal Classification
Classification part 921
Call number suffix वैशम्पा
Holdings
Withdrawn status Lost status Damaged status Not for loan Home library Current library Date acquired Cost, normal purchase price Total Checkouts Full call number Barcode Date last seen Copy number Uniform Resource Identifier Cost, replacement price Price effective from Koha item type
        D.B.Act.Division D.B.Act.Division   350.00   921 वैशम्पा HN-55457 15/09/2008 1 12808 350.00 15/09/2008 Hindi Books

© Delhi Public Library
Hit Counter
free hit counter